| 000 | 00573nam a2200241 a 4500 | ||
|---|---|---|---|
| 001 | nice12345678 | ||
| 003 | IN_TiNIC | ||
| 005 | 20260116012823.0 | ||
| 008 | 050524s0000 laha grp 000 0 urd | ||
| 020 |
_a _c100 |
||
| 082 | 0 | 0 |
_a231 _bBUN |
| 100 | _aBungham, G C | ||
| 245 |
_aKamil Azadi _b Muhabbat |
||
| 260 |
_aLahore _bMasihi Ishaat Khana _c0000 |
||
| 300 | _a154p | ||
| 500 | _aincludes index and biblioraphy | ||
| 505 | 2 | _aBibliography | |
| 650 | _aGod-Christian Belief | ||
| 700 | 1 | _aBungham, G C | |
| 902 | _bSRS | ||
| 942 | _cBK | ||
| 999 |
_c8514 _d8514 |
||